[Event "Karl Mala Memorial op 08th"]
[Site "Frankfurt"]
[Date "2004.07.25"]
[Round "7"]
[White "Gienau, Lothar"]
[Black "Koellmer, Hans Peter"]
[Result "1-0"]
[WhiteElo "1558"]
[BlackElo "1500"]
[PlyCount "67"]
[EventDate "2004.07.22"]
[EventType "swiss"]
[EventRounds "7"]
[EventCountry "GER"]
[SourceTitle "EXT 2005"]
[Source "ChessBase"]
[SourceDate "2004.11.15"]
[SourceVersion "1"]
[SourceVersionDate "2004.11.15"]
[SourceQuality "1"]

1. e4 c5 2. Nf3 e6 3. Nc3 d6 4. Bc4 Nd7 5. a3 Ngf6 6. 0-0 Be7 7. d4 cxd4 8. Nxd4 a6 9. Be3 b5 10. Bxe6 Qc7 11. Bd5 Bb7 12. Nf5 Bf8 13. Bxb7 Qxb7 14. Nxd6+ Bxd6 15. Qxd6 Rc8 16. e5 Rc6 17. Qd4 Rc4 18. Qd2 Nxe5 19. f4 Neg4 20. Bd4 0-0 21. Bxf6 Nxf6 22. Rae1 Rc7 23. Qe2 Qc8 24. Qf3 Qb8 25. Re2 Rfc8 26. Nd5 Nxd5 27. Qxd5 Rd8 28. Qf3 Rd4 29. c3 Rdc4 30. f5 Rh4 31. h3 Rh6 32. g4 Qb6+ 33. Kg2 Rd6 34. Qe4 1-0

[Event "Karl Mala Memorial op 08th"]
[Site "Frankfurt"]
[Date "2004.07.24"]
[Round "5"]
[White "Gienau, Lothar"]
[Black "Dapprich, Maximilian"]
[Result "0-1"]
[WhiteElo "1558"]
[BlackElo "1495"]
[PlyCount "132"]
[EventDate "2004.07.22"]
[EventType "swiss"]
[EventRounds "7"]
[EventCountry "GER"]
[SourceTitle "EXT 2005"]
[Source "ChessBase"]
[SourceDate "2004.11.15"]
[SourceVersion "1"]
[SourceVersionDate "2004.11.15"]
[SourceQuality "1"]

1. e4 e5 2. Nf3 Nc6 3. Bc4 Bc5 4. 0-0 Nf6 5. Nc3 d6 6. d3 Bg4 7. Be3 Nd4 8. Bxd4 Bxd4 9. h3 Bh5 10. Rb1 a5 11. Nd5 c6 12. Nxf6+ Qxf6 13. c3 Bc5 14. a4 Rd8 15. g4 Bg6 16. Kg2 h5 17. g5 Qf4 18. Qd2 Qxd2 19. Nxd2 0-0 20. f4 exf4 21. d4 d5 22. Bd3 dxe4 23. Bxe4 Be7 24. Bxg6 fxg6 25. h4 c5 26. Nf3 cxd4 27. Nxd4 Rd6 28. Rbe1 Rf7 29. Kf3 Rb6 30. Re2 Bc5 31. Rd1 Rd7 32. Rdd2 Bxd4 33. Rxd4 Rxd4 34. cxd4 Rb4 35. d5 Rxa4 36. Re4 Rxe4 37. Kxe4 Kf7 38. Kxf4 b5 39. Ke4 a4 40. Kd4 b4 41. Kc4 a3 42. bxa3 bxa3 43. Kb3 Ke7 44. Kxa3 Kd6 45. Kb4 Kxd5 46. Kc3 Ke4 47. Kc4 Kf4 48. Kd4 Kg4 49. Ke4 Kxh4 50. Kf4 Kh3 51. Kf3 Kh2 52. Kf2 h4 53. Kf3 Kg1 54. Kg4 Kg2 55. Kxh4 Kf3 56. Kh3 Kf4 57. Kh4 Kf5 58. Kh3 Kxg5 59. Kg3 Kf5 60. Kf3 g5 61. Kg3 g4 62. Kg2 Kf4 63. Kf2 g6 64. Kg2 g3 65. Kf1 Kf3 66. Kg1 g2 0-1

[Event "Karl Mala Memorial op 08th"]
[Site "Frankfurt"]
[Date "2004.07.22"]
[Round "1"]
[White "Gienau, Lothar"]
[Black "Lukat, Lutz"]
[Result "1-0"]
[WhiteElo "1558"]
[BlackElo "1716"]
[PlyCount "81"]
[EventDate "2004.07.22"]
[EventType "swiss"]
[EventRounds "7"]
[EventCountry "GER"]
[SourceTitle "EXT 2005"]
[Source "ChessBase"]
[SourceDate "2004.11.15"]
[SourceVersion "1"]
[SourceVersionDate "2004.11.15"]
[SourceQuality "1"]

1. e4 c5 2. Nf3 d6 3. Bc4 Nf6 4. Nc3 e6 5. 0-0 a6 6. a4 Bd7 7. d4 cxd4 8. Nxd4 Nc6 9. Nf3 Be7 10. Bf4 e5 11. Be3 Na5 12. Bd5 Nxd5 13. Nxd5 Nc4 14. Bc1 0-0 15. b3 Na5 16. Be3 Nc6 17. Bb6 Qc8 18. c4 Bd8 19. Qd2 Rb8 20. Rab1 Bxb6 21. Nxb6 Qc7 22. Nd5 Qd8 23. Rfd1 b5 24. Ne3 Nd4 25. Nxd4 exd4 26. Qxd4 bxa4 27. Qxd6 Rxb3 28. Rxb3 axb3 29. Qxd7 Qb6 30. Nd5 Qa5 31. Qb7 Qa2 32. Nb4 Qe2 33. Qd5 a5 34. Qd3 Qxd3 35. Nxd3 a4 36. Ra1 Ra8 37. Ra3 Kf8 38. Nb2 Ke7 39. Rxa4 Rxa4 40. Nxa4 Kd6 41. c5+ 1-0